Modern Construction Management (Record no. 4533)
[ view plain ]
| 000 -LEADER | |
|---|---|
| fixed length control field | 00431nam a22001577a 4500 |
| 008 - FIXED-LENGTH DATA ELEMENTS--GENERAL INFORMATION | |
| fixed length control field | 260211b |||||||| |||| 00| 0 eng d |
| 020 ## - INTERNATIONAL STANDARD BOOK NUMBER | |
| ISBN | 978111948347 |
| 100 ## - MAIN ENTRY--AUTHOR | |
| Author | Harris, Frank |
| 245 ## - TITLE STATEMENT | |
| Title | Modern Construction Management |
| 260 ## - PUBLICATION, DISTRIBUTION, ETC. (IMPRINT) | |
| Place of publication | Blackwell |
| Name of publisher | John Wiley and Sons Ltd |
| Date of publication | 2021 |
| 650 ## - TRACINGS | |
| Main Subject | Construction Industry Management |
| 700 ## - ADDITIONAL AUTHOR | |
| Additional Author | Mc Caffer, Ronald |
| 942 ## - ADDED ENTRY ELEMENTS (KOHA) | |
| Item type | Books |
| 050 ## - LIBRARY OF CONGRESS CALL NUMBER | |
| Classification number | HD9715.A2 |
| Item number | H37 |
| Source of classification or shelving scheme | Not for loan | Permanent location | Current location | Date acquired | Accession No. | Full call number | Barcode. | Copy number | Koha item type |
|---|---|---|---|---|---|---|---|---|---|
| Library of Congress Classification | Samuel Ogbemudia Main Library, University of Abuja | Samuel Ogbemudia Main Library, University of Abuja | 02/11/2026 | 2024/64351 | HD9715.A2 .H37 | 2026-0020 | 1 | Books | |
| Library of Congress Classification | Samuel Ogbemudia Main Library, University of Abuja | Samuel Ogbemudia Main Library, University of Abuja | 02/11/2026 | 2024/64351 | HD9715.A2 .H37 | 2026-0021 | 1 | Books |